=LDR 00000nam 2200000 4500 =001 INLIS000000000013653 =005 20130612105018 =008 ***********************************Ind** =035 ##$$0010-061300000013653 =041 ##$$a Ind =082 ##$$a F Rom K =090 ##$$a F Rom K, Har s =100 ##$$a Haryo, A. Rahartati Bambang =245 ##$$a Sepeda hadiah nyaris hilang, A. Rahartati Bambang Haryo =260 ##$$a 1997 $b Yogyakarta =300 ##$$a 27 hlm, Ilus, 15 cm =650 ##$$a Fiksi kanak-kanak - Indonesia =850 ##$$a NBPNMAT